000
00407nam a2200145Ia 4500
008
191206s9999 xx 000 0 und d
020
_a
571058086
090
_a
PQ2603E378E53
245
0
_a
Waiting for Godot: A tragicomedy in two acts
250
_a
2nd ed
260
_a
Faber and Faber
260
_c
cc2008
300
_a
"vii, 172 p. ; 25 cm."
999
_c
17263
_d
17263